000 00621nam a2200205Ia 4500
003 GCL
008 140319s9999 xx 000 0 ara d
040 _aGCL /
_cGCL
082 0 4 _aق
_b920.71
_bح م
100 1 _aحلمى نجم
245 1 0 _aالمجموعة و المطبوعة /
_cحلمى نجم
250 _aالاولى
260 _aالقاهرة :
_bدار ايما للنشر ،
_c2001
300 _a224 ص ؛
_c24 سم
650 0 4 _aالاسلام - تراجم
650 0 4 _aنجيب محفوظ
650 0 4 _aمحمد عبده (الامام)
650 0 4 _aالرجال - تراجم
942 _2ddc
_cBK
999 _c6874
_d6874